000 00796nam0a22002531 4500
001 rc\187076
005 20260406123607.0
010 _a5-7841-0298-2
_920000
035 _a(NLR Aleph) 005444932
090 _a4796796
_c4796796
100 _a20030307d1997 |||y0rusy50 ca
101 0 _arus
102 _aRU
105 _ay |||||||||
200 1 _aБрак по принуждению
_e[Роман]
_fБарбара Картленд
_g[Пер. с англ. М.Л. Павлычевой]
210 _aМ.
_cАСТ
_d1997
215 _a238 с.
_d17
225 1 _aНовинка
700 1 _4070
_8rus
_7ca
_aКартланд
_bБ.
_f1901-2000
_gБарбара
_3RU\NLR\auth\77841
_9110879
801 0 _aRU
_bNLR
_gpsbo
801 1 _aRU
_bELAR
_2rusmarc
852 _aNLR
_j97-2/1467
942 _cBOOK
980 _aNB